365 ways to give thanks: one for every day of the year

Shranjeno v:
Bibliografske podrobnosti
Glavni avtor: Shoshanna, Brenda (Author)
Format: Knjiga
Jezik:angleščina
Izdano: Nueva York Carol 1998
Serija:A Birch Lane Press Book
Teme:
Oznake: Označite
Brez oznak, prvi označite!

MARC

LEADER 00000nam a2200000 a 4500
001 UCO1422
003 CL-VaPUC
008 000512e19980000us |||||||||||||||||eng|d
082 0 4 |a 394  |b SHO  |2 21 
100 0 |a Shoshanna, Brenda  |e author  |9 443518 
245 1 0 |a 365 ways to give thanks: one for every day of the year 
300 |a 190 p 
942 |c BK 
945 |d 20000512 00:00:00  |a vberengu 
260 |a Nueva York  |b Carol  |c 1998 
650 0 |a Costumbres y tradiciones   |9 268292 
650 7 |a ETIQUETA  |2 CL-VaPUC  |9 439545 
650 7 |a MODALES  |2 CL-VaPUC  |9 443519 
583 |a last modification  |c 20130807 02:20:22  |k Rodrigo Vera 
490 0 |a A Birch Lane Press Book 
999 |c 288044  |d 288042 
952 |0 0  |1 0  |4 0  |6 394_000000000000000_SHO_1998  |7 0  |8 A  |9 335234  |a BIBING  |b BIBING  |d 2019-11-20  |i 3603024  |o 394 SHO 1998  |p 3603024  |r 2025-01-20  |w 2019-11-20  |y BK  |k EIQ